| 000 | 00000nam##2200000za#4500 |
| 001 | 9.665947 |
| 003 | CaOODSP |
| 005 | 20210615122532 |
| 007 | ta |
| 008 | 150407|2004||||xxc||||| f|0| 0 eng|d |
| 020 | |a0-662-68519-9 |
| 040 | |aCaOODSP|beng |
| 041 | |aeng |
| 041 | |afre |
| 043 | |an-cn--- |
| 086 | 1 |aSD10-1/2004 |
| 110 | 1 |aCanada. |bSocial Development Canada. |
| 245 | 10|aEarly childhood development activities and expenditures - Early learning and child care activities and expenditures : |bGovernment of Canada reports, 2003-2004 |
| 260 | |aOttawa - Ontario : |bSocial Development Canada |c2005. |
| 300 | |aEnglish text, 139p. : |billus., references, tables ; |c28 cm. |
| 500 | |aThis report is co-published by Social Development Canada,the Public Health Agency of Canada and Indian and Northern Affairs Canada. |
| 520 | 3 |aThis report details the Government of Canada’s investments and progress in enhancing early childhood development programs and services. It looks at government activities and expenditures in the following areas: healthy pregnancy, birth, and infancy; parenting and family supports; early childhood development, learning, and child care; community supports; dedicated services for First Nations and other Aboriginal children and families; and research and information. |
| 563 | |aSoftcover |
| 590 | |a05-09|b2005-03-04 |
| 690 | 07|aChild care|2gcpds |
| 690 | 07|aPreschool education|2gcpds |
| 690 | 07|aPublic expenditures|2gcpds |
| 776 | 0#|tActivités et dépenses relatives au développement de la petite enfance - Activités et dépenses relatives à l'apprentissage et à la garde des jeunes enfants |w(CaOODSP)9.631654 |
| 776 | 0#|tEarly childhood development activities and expenditures - Early learning and child care activities and expenditures |w(CaOODSP)9.687193 |
| 792 | |tActivités et dépenses relatives au développement de la petite enfance - Activités et dépenses relatives à l'apprentissage et à la garde des jeunes enfants : |efre|w(CaOODSP)9.665948 |
| 986 | |aSP-544-11-04 |